Most Visited U.S. National Parks Quiz Stats

 Plays Quiz not verified by Sporcle

Challenge
Share
Tweet
Embed
Score 0/10 Timer 02:00
0 Plays Today
State National Park % Correct
Wyoming, Montana, IdahoYellowstone National Park
92.6%
ArizonaGrand Canyon National Park
90.2%
CaliforniaYosemite National Park
88.5%
Tennessee, North CarolinaGreat Smoky Mountain National Park
76.2%
ColoradoRocky Mountain National Park
73%
WyomingGrand Teton National Park
68.9%
MaineAcadia National Park
68.9%
UtahZion National Park
66.4%
WashingtonOlympic National Park
61.5%
OhioCuyahoga Valley National Park
49.2%

You're not logged in!

Compare scores with friends on all Sporcle quizzes.
Join for Free
OR
Log In

You Might Also Like...

Show Comments

Extras

Top Quizzes Today


Score Distribution

Your Account Isn't Verified!

In order to create a playlist on Sporcle, you need to verify the email address you used during registration. Go to your Sporcle Settings to finish the process.

Report this User

Report this user for behavior that violates our Community Guidelines.

Details: